योगं शरणं गच्छामि : (Record no. 208161)

MARC details
000 -LEADER
fixed length control field 00910nam a22001937a 4500
005 - DATE AND TIME OF LATEST TRANSACTION
control field 20250109145235.0
010 ## - LCCN (DPL NO)
LC control number HIN-129187
020 ## - INTERNATIONAL STANDARD BOOK NUMBER
International Standard Book Number 9789381145272
Terms of availability 450.00
035 ## - SYSTEM CONTROL NUMBER
System control number HN-101533
037 ## - SOURCE OF ACQUISITION
Source of stock number/acquisition DBAD
082 ## - DEWEY DECIMAL CLASSIFICATION NUMBER
Classification number 181.432
100 ## - MAIN ENTRY--PERSONAL NAME
Personal name प्रेम भारती
245 ## - TITLE STATEMENT
Title योगं शरणं गच्छामि :
Remainder of title पतंजलि योग सूत्र पर आधारित /
Statement of responsibility, etc प्रेम भारती
250 ## - EDITION STATEMENT
Edition statement प्रथम
260 ## - PUBLICATION, DISTRIBUTION, ETC. (IMPRINT)
Place of publication, distribution, etc प्रतापगढ़, उ. प्र.
Name of publisher, distributor, etc अंशिका प्रकाशन
Date of publication, distribution, etc 2021
270 ## - ADDRESS
Address डाडी, सगरा सुन्दरपुर प्रतापगढ़
City प्रतापगढ़, उ. प्र.
Postal code 230001
300 ## - PHYSICAL DESCRIPTION
Extent 152 पृ.
Dimensions 21 सेमी (सजिल्द)
942 ## - ADDED ENTRY ELEMENTS (KOHA)
Source of classification or shelving scheme Dewey Decimal Classification
Item type Hindi Books
Classification part 181.432
Call number suffix भारती
Holdings
Withdrawn status Lost status Not for loan Collection code Home library Current library Date acquired Source of acquisition Cost, normal purchase price Full call number Barcode Copy number Cost, replacement price Koha item type
      Non-fiction Sarojini Nagar Sarojini Nagar 07/01/2025 DBAD 450.00 181.432 भारती HN-101533 1 450.00 Hindi Books

© Delhi Public Library
Hit Counter
free hit counter